Diseño de un proceso de planeamiento estratégico en el departamento de hemato-oncología del Hospital México
Saved in:
| Main Author: | |
|---|---|
| Other Authors: | , |
| Format: | Book |
| Language: | Spanish |
| Published: |
[San José, Costa Rica]
2013
|
| Subjects: | |
| Tags: |
Add Tag
No Tags, Be the first to tag this record!
|
MARC
| LEADER | 00000nam a22000007a 4500 | ||
|---|---|---|---|
| 003 | 011759 | ||
| 005 | 20221231143913.0 | ||
| 008 | 150908b2013 c a|||| |||| 00| 0 spa d | ||
| 040 | |c cru CEDI | ||
| 090 | |a TFG 6928 | ||
| 100 | |9 1141 |a Ardón Alfaro, Rolando J. | ||
| 245 | |a Diseño de un proceso de planeamiento estratégico en el departamento de hemato-oncología del Hospital México | ||
| 260 | |a [San José, Costa Rica] |c 2013 | ||
| 500 | |a Tesis (licenciatura en ingeniería eléctrica)--Universidad de Costa Rica. Facultad de Ingeniería. Escuela de Ingeniería Eléctrica | ||
| 650 | |x PLANIFICACION ESTRATEGICA - COSTA RICA |x HOSPITAL MEXICO (COSTA RICA). SERVICIO DE HEMATO-ONCOLOGIA |x TOMA DE DECISIONES |x ATENCION MEDICA |x ATENCION AL ENFERMO - PLANIFICACION |9 1143 | ||
| 700 | |9 1142 |a Gutreiman Rubinstein, Alex | ||
| 700 | |9 1144 |a Molina Castro, Daniel | ||
| 942 | |c TFG | ||
| 999 | |c 13992 |d 13992 | ||
